[Event "April 9 Late 2024"]
[Site "Chess.com"]
[Date "2024.04.09"]
[Round "2"]
[White "Boros, Denes"]
[Black "Radhakrishnan, Sharath"]
[Result "0-1"]
[Board "107"]
[WhiteFideId "722340"]
[BlackFideId "39900452"]
[WhiteTitle "GM"]
[WhiteElo "2838"]
[BlackElo "2413"]
[WhiteTeam "HUN"]
[BlackTeam "USA"]
[WhiteClock "0:00:00"]
[BlackClock "0:00:09"]
[Variant "Standard"]

1. d4 {[%clk 0:03:00]}  Nf6 {[%clk 0:02:59]} 2. Nc3 {[%clk 0:02:59]}  d5 {[%clk 0:02:59]} 3. Nf3 {[%clk 0:03:00]}  c5 {[%clk 0:02:56]} 4. Bg5 {[%clk 0:03:00]}  e6 {[%clk 0:02:55]} 5. e4 {[%clk 0:03:00]}  dxe4 {[%clk 0:02:44]} 6. Nxe4 {[%clk 0:02:59]}  Be7 {[%clk 0:02:44]} 7. Nxc5 {[%clk 0:02:52]}  Bxc5 {[%clk 0:02:37]} 8. dxc5 {[%clk 0:02:53]}  Qa5+ {[%clk 0:02:37]} 9. Qd2 {[%clk 0:02:47]}  Qxc5 {[%clk 0:02:37]} 10. Bxf6 {[%clk 0:02:44]}  gxf6 {[%clk 0:02:36]} 11. O-O-O {[%clk 0:02:45]}  Nc6 {[%clk 0:02:34]} 12. Qh6 {[%clk 0:02:42]}  Qe7 {[%clk 0:02:32]} 13. Qf4 {[%clk 0:02:32]}  e5 {[%clk 0:02:22]} 14. Qe3 {[%clk 0:02:28]}  Bd7 {[%clk 0:02:20]} 15. Bb5 {[%clk 0:02:26]}  a6 {[%clk 0:02:03]} 16. Ba4 {[%clk 0:02:26]}  O-O-O {[%clk 0:02:01]} 17. Rd2 {[%clk 0:02:15]}  Qb4 {[%clk 0:01:52]} 18. Bb3 {[%clk 0:02:11]}  Be6 {[%clk 0:01:47]} 19. a3 {[%clk 0:02:07]}  Qe7 {[%clk 0:01:42]} 20. Kb1 {[%clk 0:01:58]}  Rxd2 {[%clk 0:01:41]} 21. Nxd2 {[%clk 0:01:56]}  Rd8 {[%clk 0:01:38]} 22. Ne4 {[%clk 0:01:55]}  Bxb3 {[%clk 0:01:33]} 23. cxb3 {[%clk 0:01:56]}  Kb8 {[%clk 0:01:32]} 24. b4 {[%clk 0:01:46]}  f5 {[%clk 0:01:07]} 25. Nc5 {[%clk 0:01:46]}  f6 {[%clk 0:01:02]} 26. Rc1 {[%clk 0:01:44]}  Nd4 {[%clk 0:00:57]} 27. g3 {[%clk 0:01:33]}  Ka7 {[%clk 0:00:54]} 28. h4 {[%clk 0:01:23]}  Rc8 {[%clk 0:00:38]} 29. Rd1 {[%clk 0:01:16]}  Rd8 {[%clk 0:00:33]} 30. h5 {[%clk 0:01:12]}  b6 {[%clk 0:00:33]} 31. Na4 {[%clk 0:01:12]}  Rd6 {[%clk 0:00:29]} 32. Rc1 {[%clk 0:01:08]}  Kb7 {[%clk 0:00:22]} 33. h6 {[%clk 0:01:01]}  Rc6 {[%clk 0:00:21]} 34. Rd1 {[%clk 0:00:55]}  Rd6 {[%clk 0:00:20]} 35. g4 {[%clk 0:00:40]}  Qd7 {[%clk 0:00:19]} 36. Nc3 {[%clk 0:00:38]}  Nb5 {[%clk 0:00:19]} 37. Rxd6 {[%clk 0:00:30]}  Nxd6 {[%clk 0:00:19]} 38. Qf3+ {[%clk 0:00:29]}  Qc6 {[%clk 0:00:20]} 39. Qxc6+ {[%clk 0:00:24]}  Kxc6 {[%clk 0:00:20]} 40. f3 {[%clk 0:00:24]}  fxg4 {[%clk 0:00:20]} 41. fxg4 {[%clk 0:00:25]}  Nf7 {[%clk 0:00:20]} 42. Ne4 {[%clk 0:00:25]}  Nxh6 {[%clk 0:00:20]} 43. Nxf6 {[%clk 0:00:25]}  Kd6 {[%clk 0:00:20]} 44. g5 {[%clk 0:00:25]}  Nf5 {[%clk 0:00:20]} 45. Kc2 {[%clk 0:00:23]}  h6 {[%clk 0:00:19]} 46. g6 {[%clk 0:00:23]}  Ke6 {[%clk 0:00:19]} 47. Nh5 {[%clk 0:00:23]}  e4 {[%clk 0:00:17]} 48. Kc3 {[%clk 0:00:23]}  Ne7 {[%clk 0:00:17]} 49. g7 {[%clk 0:00:22]}  Kf7 {[%clk 0:00:17]} 50. a4 {[%clk 0:00:19]}  Nf5 {[%clk 0:00:18]} 51. a5 {[%clk 0:00:14]}  b5 {[%clk 0:00:11]} 52. b3 {[%clk 0:00:14]}  Nxg7 {[%clk 0:00:11]} 53. Nf4 {[%clk 0:00:13]}  Ke7 {[%clk 0:00:09]} 54. Kd4 {[%clk 0:00:13]}  Ne6+ {[%clk 0:00:09]} 55. Kxe4 {[%clk 0:00:08]}  Nxf4 {[%clk 0:00:09]} 56. Kxf4 {[%clk 0:00:00]}  Ke6 {[%clk 0:00:09]} 0-1

[Event "April 9 Late 2024"]
[Site "Chess.com"]
[Date "2024.04.09"]
[Round "2"]
[White "Bibasa, Bob"]
[Black "Hasangatin, Ramil"]
[Result "0-1"]
[Board "114"]
[WhiteFideId "10000240"]
[BlackFideId "4122160"]
[WhiteTitle "FM"]
[BlackTitle "GM"]
[WhiteElo "2385"]
[BlackElo "2645"]
[WhiteTeam "UGA"]
[BlackTeam "RUS"]
[WhiteClock "0:00:03"]
[BlackClock "0:00:21"]
[Variant "Standard"]

1. e4 {[%clk 0:02:57]}  d5 {[%clk 0:02:58]} 2. exd5 {[%clk 0:02:55]}  Qxd5 {[%clk 0:02:59]} 3. Nc3 {[%clk 0:02:55]}  Qd6 {[%clk 0:03:00]} 4. d4 {[%clk 0:02:55]}  Nf6 {[%clk 0:03:00]} 5. Nf3 {[%clk 0:02:55]}  c6 {[%clk 0:03:01]} 6. Be2 {[%clk 0:02:53]}  Bg4 {[%clk 0:03:00]} 7. Be3 {[%clk 0:02:51]}  Nbd7 {[%clk 0:02:59]} 8. Qd2 {[%clk 0:02:51]}  e6 {[%clk 0:02:58]} 9. Bf4 {[%clk 0:02:47]}  Qb4 {[%clk 0:02:58]} 10. O-O-O {[%clk 0:02:46]}  Qa5 {[%clk 0:02:55]} 11. Kb1 {[%clk 0:02:45]}  Bb4 {[%clk 0:02:53]} 12. h3 {[%clk 0:02:35]}  Ne4 {[%clk 0:02:52]} 13. Qc1 {[%clk 0:02:23]}  Nxc3+ {[%clk 0:02:42]} 14. bxc3 {[%clk 0:02:22]}  Bxc3 {[%clk 0:02:42]} 15. a3 {[%clk 0:02:11]}  Bxf3 {[%clk 0:02:37]} 16. gxf3 {[%clk 0:02:07]}  Nb6 {[%clk 0:02:35]} 17. Bd2 {[%clk 0:01:57]}  Nd5 {[%clk 0:02:34]} 18. Ka2 {[%clk 0:01:49]}  O-O-O {[%clk 0:02:25]} 19. Bc4 {[%clk 0:01:43]}  Rd7 {[%clk 0:02:06]} 20. Bxd5 {[%clk 0:01:25]}  Qxd5+ {[%clk 0:02:04]} 21. Kb1 {[%clk 0:01:23]}  Qb5+ {[%clk 0:01:59]} 22. Ka2 {[%clk 0:01:23]}  Qc4+ {[%clk 0:01:59]} 23. Kb1 {[%clk 0:01:23]}  Bxd4 {[%clk 0:02:00]} 24. Rhe1 {[%clk 0:01:03]}  Rhd8 {[%clk 0:01:58]} 25. Bb4 {[%clk 0:00:55]}  a5 {[%clk 0:01:38]} 26. Bxa5 {[%clk 0:00:36]}  Qb5+ {[%clk 0:01:37]} 27. Bb4 {[%clk 0:00:37]}  c5 {[%clk 0:01:37]} 28. c4 {[%clk 0:00:37]}  Qb6 {[%clk 0:01:37]} 29. Re2 {[%clk 0:00:27]}  cxb4 {[%clk 0:01:36]} 30. c5 {[%clk 0:00:27]}  Qb5 {[%clk 0:01:33]} 31. Rc2 {[%clk 0:00:21]}  b3 {[%clk 0:01:24]} 32. Rc4 {[%clk 0:00:20]}  Kb8 {[%clk 0:01:14]} 33. c6 {[%clk 0:00:16]}  bxc6 {[%clk 0:01:14]} 34. Rb4 {[%clk 0:00:17]}  Qxb4 {[%clk 0:01:05]} 35. axb4 {[%clk 0:00:17]}  Kb7 {[%clk 0:01:04]} 36. Qc4 {[%clk 0:00:14]}  b2 {[%clk 0:00:59]} 37. b5 {[%clk 0:00:14]}  c5 {[%clk 0:00:55]} 38. Kc2 {[%clk 0:00:08]}  Rd5 {[%clk 0:00:51]} 39. Qd3 {[%clk 0:00:04]}  g6 {[%clk 0:00:44]} 40. Qc4 {[%clk 0:00:02]}  R8d6 {[%clk 0:00:34]} 41. Rd3 {[%clk 0:00:02]}  Be5 {[%clk 0:00:22]} 42. Ra3 {[%clk 0:00:02]}  Rd2+ {[%clk 0:00:20]} 43. Kb1 {[%clk 0:00:02]}  Rd1+ {[%clk 0:00:20]} 44. Ka2 {[%clk 0:00:03]}  b1=Q# {[%clk 0:00:21]} 0-1

[Event "April 9 Late 2024"]
[Site "Chess.com"]
[Date "2024.04.09"]
[Round "2"]
[White "Mendes Aaron Reeve"]
[Black "Guillemette, Hugo"]
[Result "1-0"]
[Board "115"]
[WhiteFideId "25954938"]
[BlackFideId "2636077"]
[WhiteTitle "FM"]
[BlackTitle "CM"]
[WhiteElo "2639"]
[BlackElo "2384"]
[WhiteTeam "CAN"]
[BlackTeam "CAN"]
[WhiteClock "0:00:36"]
[BlackClock "0:00:00"]
[Variant "Standard"]

1. b3 {[%clk 0:03:00]}  c5 {[%clk 0:02:56]} 2. Bb2 {[%clk 0:02:59]}  e6 {[%clk 0:02:50]} 3. e3 {[%clk 0:02:58]}  Nc6 {[%clk 0:02:48]} 4. d4 {[%clk 0:02:52]}  cxd4 {[%clk 0:02:46]} 5. exd4 {[%clk 0:02:53]}  d5 {[%clk 0:02:46]} 6. Nf3 {[%clk 0:02:47]}  Bd6 {[%clk 0:02:47]} 7. Bd3 {[%clk 0:02:46]}  Nge7 {[%clk 0:02:43]} 8. h4 {[%clk 0:02:41]}  Nb4 {[%clk 0:02:37]} 9. Bb5+ {[%clk 0:02:37]}  Bd7 {[%clk 0:02:35]} 10. Be2 {[%clk 0:02:38]}  Rc8 {[%clk 0:02:33]} 11. c3 {[%clk 0:02:31]}  Nbc6 {[%clk 0:02:33]} 12. Bd3 {[%clk 0:02:31]}  Qc7 {[%clk 0:02:20]} 13. Nbd2 {[%clk 0:02:25]}  e5 {[%clk 0:02:12]} 14. dxe5 {[%clk 0:02:17]}  Nxe5 {[%clk 0:02:13]} 15. Nxe5 {[%clk 0:02:17]}  Bxe5 {[%clk 0:02:14]} 16. Rc1 {[%clk 0:02:13]}  Bf4 {[%clk 0:02:09]} 17. O-O {[%clk 0:02:12]}  O-O {[%clk 0:02:06]} 18. c4 {[%clk 0:02:11]}  Qa5 {[%clk 0:01:44]} 19. Bc3 {[%clk 0:02:08]}  Qb6 {[%clk 0:01:37]} 20. Qf3 {[%clk 0:02:00]}  Qh6 {[%clk 0:01:30]} 21. Rcd1 {[%clk 0:01:57]}  Bc6 {[%clk 0:01:26]} 22. Qg4 {[%clk 0:01:54]}  dxc4 {[%clk 0:01:19]} 23. Nxc4 {[%clk 0:01:49]}  Bd5 {[%clk 0:01:09]} 24. Be2 {[%clk 0:01:40]}  b5 {[%clk 0:01:06]} 25. Bb4 {[%clk 0:01:33]}  Be6 {[%clk 0:01:01]} 26. Qf3 {[%clk 0:01:18]}  bxc4 {[%clk 0:01:00]} 27. Bxe7 {[%clk 0:01:15]}  Rfe8 {[%clk 0:01:01]} 28. Qb7 {[%clk 0:01:02]}  cxb3 {[%clk 0:00:47]} 29. axb3 {[%clk 0:01:00]}  Rc7 {[%clk 0:00:28]} 30. Qb4 {[%clk 0:00:59]}  Bxb3 {[%clk 0:00:25]} 31. Bb5 {[%clk 0:00:45]}  Rb8 {[%clk 0:00:10]} 32. Bg5 {[%clk 0:00:43]}  Bxg5 {[%clk 0:00:10]} 33. hxg5 {[%clk 0:00:43]}  Qxg5 {[%clk 0:00:09]} 34. Qxb3 {[%clk 0:00:43]}  h5 {[%clk 0:00:07]} 35. Rd5 {[%clk 0:00:41]}  Qg4 {[%clk 0:00:07]} 36. Qd3 {[%clk 0:00:41]}  h4 {[%clk 0:00:05]} 37. Ba4 {[%clk 0:00:40]}  Rf8 {[%clk 0:00:05]} 38. Bc2 {[%clk 0:00:38]}  g6 {[%clk 0:00:04]} 39. Rd8 {[%clk 0:00:37]}  Kg7 {[%clk 0:00:00]} 40. Rxf8 {[%clk 0:00:36]} 1-0

[Event "April 9 Late 2024"]
[Site "Chess.com"]
[Date "2024.04.09"]
[Round "2"]
[White "Gerbelli Neto, Eduardo"]
[Black "Rogov, Matfey"]
[Result "0-1"]
[Board "118"]
[WhiteFideId "2103281"]
[BlackFideId "44191308"]
[BlackTitle "CM"]
[WhiteElo "2379"]
[BlackElo "2621"]
[WhiteTeam "BRA"]
[BlackTeam "RUS"]
[WhiteClock "0:00:00"]
[BlackClock "0:00:23"]
[Variant "Standard"]

1. e4 {[%clk 0:03:00]}  e5 {[%clk 0:03:00]} 2. Nf3 {[%clk 0:03:00]}  Nf6 {[%clk 0:03:01]} 3. Nc3 {[%clk 0:03:00]}  Nc6 {[%clk 0:03:01]} 4. a3 {[%clk 0:02:59]}  d5 {[%clk 0:02:58]} 5. exd5 {[%clk 0:03:00]}  Nxd5 {[%clk 0:02:59]} 6. Bb5 {[%clk 0:02:48]}  Nxc3 {[%clk 0:02:55]} 7. bxc3 {[%clk 0:02:48]}  Bd6 {[%clk 0:02:48]} 8. d4 {[%clk 0:02:41]}  e4 {[%clk 0:02:24]} 9. Ne5 {[%clk 0:01:54]}  Bxe5 {[%clk 0:02:16]} 10. dxe5 {[%clk 0:01:54]}  Qxd1+ {[%clk 0:02:17]} 11. Kxd1 {[%clk 0:01:54]}  Bg4+ {[%clk 0:02:17]} 12. Ke1 {[%clk 0:01:54]}  O-O-O {[%clk 0:02:18]} 13. Bf4 {[%clk 0:01:49]}  Ne7 {[%clk 0:02:04]} 14. Bc4 {[%clk 0:01:39]}  Be6 {[%clk 0:01:51]} 15. Bxe6+ {[%clk 0:01:29]}  fxe6 {[%clk 0:01:52]} 16. Ke2 {[%clk 0:01:24]}  Rd5 {[%clk 0:01:48]} 17. Ke3 {[%clk 0:01:04]}  Rhd8 {[%clk 0:01:31]} 18. Kxe4 {[%clk 0:01:02]}  Rc5 {[%clk 0:01:30]} 19. Rhd1 {[%clk 0:00:43]}  Rc4+ {[%clk 0:01:27]} 20. Rd4 {[%clk 0:00:43]}  Rxc3 {[%clk 0:00:52]} 21. Rxd8+ {[%clk 0:00:39]}  Kxd8 {[%clk 0:00:53]} 22. Ra2 {[%clk 0:00:30]}  Kd7 {[%clk 0:00:47]} 23. Bd2 {[%clk 0:00:22]}  Rc4+ {[%clk 0:00:45]} 24. Kd3 {[%clk 0:00:21]}  b5 {[%clk 0:00:43]} 25. f4 {[%clk 0:00:21]}  g6 {[%clk 0:00:42]} 26. c3 {[%clk 0:00:20]}  h5 {[%clk 0:00:42]} 27. Rb2 {[%clk 0:00:20]}  a6 {[%clk 0:00:41]} 28. g3 {[%clk 0:00:20]}  c5 {[%clk 0:00:39]} 29. Rb1 {[%clk 0:00:15]}  Kc6 {[%clk 0:00:39]} 30. h3 {[%clk 0:00:12]}  Ra4 {[%clk 0:00:39]} 31. Ra1 {[%clk 0:00:10]}  Kd5 {[%clk 0:00:37]} 32. g4 {[%clk 0:00:11]}  hxg4 {[%clk 0:00:35]} 33. hxg4 {[%clk 0:00:11]}  Re4 {[%clk 0:00:35]} 34. Rh1 {[%clk 0:00:09]}  g5 {[%clk 0:00:29]} 35. fxg5 {[%clk 0:00:09]}  Ng6 {[%clk 0:00:29]} 36. Rh7 {[%clk 0:00:07]}  Nxe5+ {[%clk 0:00:29]} 37. Kc2 {[%clk 0:00:08]}  Rxg4 {[%clk 0:00:26]} 38. Ra7 {[%clk 0:00:00]}  Ra4 {[%clk 0:00:23]} 0-1

[Event "April 9 Late 2024"]
[Site "Chess.com"]
[Date "2024.04.09"]
[Round "2"]
[White "Ebrahimi Herab, Hamidreza"]
[Black "Valiyev, Shahin"]
[Result "1-0"]
[Board "120"]
[WhiteFideId "22512888"]
[BlackFideId "13424203"]
[WhiteTitle "FM"]
[BlackTitle "FM"]
[WhiteElo "2606"]
[BlackElo "2376"]
[WhiteTeam "IRI"]
[BlackTeam "AZE"]
[WhiteClock "0:00:38"]
[BlackClock "0:00:17"]
[Variant "Standard"]

1. d4 {[%clk 0:01:35]}  d5 {[%clk 0:02:56]} 2. c4 {[%clk 0:01:35]}  e6 {[%clk 0:02:57]} 3. Nc3 {[%clk 0:01:33]}  Be7 {[%clk 0:02:57]} 4. cxd5 {[%clk 0:01:34]}  exd5 {[%clk 0:02:58]} 5. Bf4 {[%clk 0:01:32]}  c6 {[%clk 0:02:59]} 6. e3 {[%clk 0:01:31]}  Bf5 {[%clk 0:02:59]} 7. h3 {[%clk 0:01:31]}  Nd7 {[%clk 0:02:54]} 8. Nf3 {[%clk 0:01:29]}  Ngf6 {[%clk 0:02:53]} 9. Bd3 {[%clk 0:01:29]}  Bxd3 {[%clk 0:02:53]} 10. Qxd3 {[%clk 0:01:30]}  O-O {[%clk 0:02:53]} 11. O-O {[%clk 0:01:30]}  Re8 {[%clk 0:02:53]} 12. Ne5 {[%clk 0:01:30]}  Nxe5 {[%clk 0:02:47]} 13. Bxe5 {[%clk 0:01:31]}  Bd6 {[%clk 0:02:42]} 14. Bxd6 {[%clk 0:01:30]}  Qxd6 {[%clk 0:02:42]} 15. Rae1 {[%clk 0:01:30]}  Re7 {[%clk 0:02:39]} 16. f3 {[%clk 0:01:30]}  Rae8 {[%clk 0:02:38]} 17. e4 {[%clk 0:01:31]}  Qg3 {[%clk 0:02:30]} 18. e5 {[%clk 0:01:29]}  Qh4 {[%clk 0:02:17]} 19. f4 {[%clk 0:01:24]}  Nh5 {[%clk 0:02:16]} 20. Qf3 {[%clk 0:01:23]}  f5 {[%clk 0:02:10]} 21. Re3 {[%clk 0:01:19]}  g5 {[%clk 0:02:02]} 22. fxg5 {[%clk 0:01:16]}  Qxd4 {[%clk 0:01:47]} 23. Ne2 {[%clk 0:01:06]}  Qb6 {[%clk 0:01:41]} 24. Kh1 {[%clk 0:01:05]}  Ng7 {[%clk 0:01:34]} 25. Nf4 {[%clk 0:00:58]}  Rxe5 {[%clk 0:01:29]} 26. Rb3 {[%clk 0:00:56]}  Qc7 {[%clk 0:01:26]} 27. Nh5 {[%clk 0:00:56]}  Nxh5 {[%clk 0:01:07]} 28. Qxh5 {[%clk 0:00:57]}  Re1 {[%clk 0:00:39]} 29. Rf3 {[%clk 0:00:53]}  Qf7 {[%clk 0:00:40]} 30. Qh4 {[%clk 0:00:50]}  Rxf1+ {[%clk 0:00:36]} 31. Rxf1 {[%clk 0:00:51]}  Re4 {[%clk 0:00:33]} 32. Qg3 {[%clk 0:00:50]}  Kg7 {[%clk 0:00:32]} 33. Qd6 {[%clk 0:00:48]}  Qe7 {[%clk 0:00:29]} 34. Qh6+ {[%clk 0:00:47]}  Kg8 {[%clk 0:00:28]} 35. g6 {[%clk 0:00:43]}  Re1 {[%clk 0:00:17]} 36. Qxh7+ {[%clk 0:00:40]}  Kf8 {[%clk 0:00:17]} 37. Qh8# {[%clk 0:00:38]} 1-0

[Event "April 9 Late 2024"]
[Site "Chess.com"]
[Date "2024.04.09"]
[Round "2"]
[White "Mullodzhanov, Nathaniel"]
[Black "Romero Ruscalleda, Josep"]
[Result "1-0"]
[Board "123"]
[WhiteFideId "30961580"]
[BlackFideId "2231859"]
[BlackTitle "FM"]
[WhiteElo "2564"]
[BlackElo "2369"]
[WhiteTeam "USA"]
[BlackTeam "ESP"]
[WhiteClock "0:00:20"]
[BlackClock "0:00:00"]
[Variant "Standard"]

1. e4 {[%clk 0:02:57]}  g6 {[%clk 0:03:00]} 2. d4 {[%clk 0:02:56]}  Bg7 {[%clk 0:03:01]} 3. Nc3 {[%clk 0:02:55]}  d6 {[%clk 0:03:01]} 4. Be3 {[%clk 0:02:53]}  a6 {[%clk 0:03:02]} 5. Qd2 {[%clk 0:02:53]}  b5 {[%clk 0:03:02]} 6. Bd3 {[%clk 0:02:53]}  Nd7 {[%clk 0:03:02]} 7. Nf3 {[%clk 0:02:53]}  Bb7 {[%clk 0:03:02]} 8. Ne2 {[%clk 0:02:52]}  c5 {[%clk 0:03:01]} 9. c3 {[%clk 0:02:50]}  Rc8 {[%clk 0:02:59]} 10. a4 {[%clk 0:02:48]}  c4 {[%clk 0:02:47]} 11. Bc2 {[%clk 0:02:48]}  Ngf6 {[%clk 0:02:47]} 12. Ng3 {[%clk 0:02:42]}  Ng4 {[%clk 0:02:47]} 13. Bf4 {[%clk 0:02:33]}  e5 {[%clk 0:02:42]} 14. dxe5 {[%clk 0:02:25]}  dxe5 {[%clk 0:02:43]} 15. Bg5 {[%clk 0:02:23]}  f6 {[%clk 0:02:40]} 16. Be3 {[%clk 0:02:21]}  O-O {[%clk 0:02:32]} 17. O-O {[%clk 0:02:15]}  Nxe3 {[%clk 0:02:31]} 18. Qxe3 {[%clk 0:02:14]}  Qc7 {[%clk 0:02:26]} 19. h4 {[%clk 0:02:10]}  Qc5 {[%clk 0:02:23]} 20. Qd2 {[%clk 0:02:10]}  Rfd8 {[%clk 0:02:22]} 21. h5 {[%clk 0:02:08]}  Nf8 {[%clk 0:02:19]} 22. Qe2 {[%clk 0:02:04]}  Ne6 {[%clk 0:02:19]} 23. Nh4 {[%clk 0:01:59]}  Nf4 {[%clk 0:02:17]} 24. Qg4 {[%clk 0:01:57]}  Rd2 {[%clk 0:02:09]} 25. Bd1 {[%clk 0:01:25]}  Rcd8 {[%clk 0:01:33]} 26. b4 {[%clk 0:01:19]}  Qd6 {[%clk 0:01:22]} 27. axb5 {[%clk 0:01:12]}  axb5 {[%clk 0:01:17]} 28. hxg6 {[%clk 0:01:09]}  hxg6 {[%clk 0:01:13]} 29. Nxg6 {[%clk 0:00:59]}  Bc8 {[%clk 0:01:13]} 30. Nf5 {[%clk 0:00:51]}  Bxf5 {[%clk 0:01:11]} 31. exf5 {[%clk 0:00:49]}  Nd3 {[%clk 0:00:55]} 32. Bf3 {[%clk 0:00:29]}  Qb6 {[%clk 0:00:23]} 33. Bd5+ {[%clk 0:00:22]}  Rxd5 {[%clk 0:00:20]} 34. Ne7+ {[%clk 0:00:22]}  Kf7 {[%clk 0:00:14]} 35. Nxd5 {[%clk 0:00:21]}  Nxf2 {[%clk 0:00:11]} 36. Qg6+ {[%clk 0:00:21]}  Kg8 {[%clk 0:00:00]} 37. Nxb6 {[%clk 0:00:20]} 1-0

[Event "April 9 Late 2024"]
[Site "Chess.com"]
[Date "2024.04.09"]
[Round "2"]
[White "Baches Garcia, Guillermo"]
[Black "Mesquita, Eduardo Barbosa"]
[Result "1-0"]
[Board "127"]
[WhiteFideId "2209764"]
[BlackFideId "22757163"]
[WhiteTitle "IM"]
[WhiteElo "2539"]
[BlackElo "2358"]
[WhiteTeam "ESP"]
[BlackTeam "BRA"]
[WhiteClock "0:00:15"]
[BlackClock "0:00:01"]
[Variant "Standard"]

1. e4 {[%clk 0:03:00]}  c5 {[%clk 0:02:32]} 2. Nf3 {[%clk 0:03:00]}  d6 {[%clk 0:02:32]} 3. d4 {[%clk 0:03:00]}  cxd4 {[%clk 0:02:33]} 4. Qxd4 {[%clk 0:03:01]}  Nc6 {[%clk 0:02:32]} 5. Bb5 {[%clk 0:03:01]}  Bd7 {[%clk 0:02:32]} 6. Qd3 {[%clk 0:03:01]}  g6 {[%clk 0:02:32]} 7. c4 {[%clk 0:03:01]}  Bg7 {[%clk 0:02:32]} 8. Nc3 {[%clk 0:03:01]}  Nf6 {[%clk 0:02:31]} 9. h3 {[%clk 0:03:01]}  O-O {[%clk 0:02:31]} 10. O-O {[%clk 0:03:01]}  a6 {[%clk 0:02:30]} 11. Bxc6 {[%clk 0:03:01]}  bxc6 {[%clk 0:02:29]} 12. Be3 {[%clk 0:02:59]}  Ne8 {[%clk 0:02:29]} 13. b3 {[%clk 0:02:58]}  Nc7 {[%clk 0:02:28]} 14. Rac1 {[%clk 0:02:55]}  a5 {[%clk 0:02:19]} 15. Rfd1 {[%clk 0:02:54]}  Qc8 {[%clk 0:02:15]} 16. Bd4 {[%clk 0:02:53]}  e5 {[%clk 0:02:13]} 17. Bxe5 {[%clk 0:02:46]}  Bxh3 {[%clk 0:01:41]} 18. Bxg7 {[%clk 0:02:33]}  Qg4 {[%clk 0:01:41]} 19. Ne1 {[%clk 0:02:26]}  Bxg2 {[%clk 0:01:38]} 20. Nxg2 {[%clk 0:02:22]}  Kxg7 {[%clk 0:01:37]} 21. Qxd6 {[%clk 0:02:20]}  Ne6 {[%clk 0:01:36]} 22. Qe5+ {[%clk 0:02:16]}  Kg8 {[%clk 0:01:30]} 23. Qg3 {[%clk 0:02:14]}  Qh5 {[%clk 0:01:27]} 24. f4 {[%clk 0:02:09]}  Kh8 {[%clk 0:01:24]} 25. Kf2 {[%clk 0:01:55]}  g5 {[%clk 0:01:22]} 26. Rh1 {[%clk 0:01:46]}  gxf4 {[%clk 0:01:12]} 27. Rxh5 {[%clk 0:01:34]}  fxg3+ {[%clk 0:01:12]} 28. Ke3 {[%clk 0:01:20]}  f6 {[%clk 0:00:46]} 29. Rd1 {[%clk 0:01:13]}  Rf7 {[%clk 0:00:43]} 30. Rd6 {[%clk 0:01:09]}  Ng5 {[%clk 0:00:26]} 31. Rxc6 {[%clk 0:01:04]}  Re8 {[%clk 0:00:20]} 32. Kf4 {[%clk 0:00:45]}  Re5 {[%clk 0:00:16]} 33. Rh1 {[%clk 0:00:36]}  Kg7 {[%clk 0:00:15]} 34. Kxg3 {[%clk 0:00:32]}  Ne6 {[%clk 0:00:15]} 35. Ne3 {[%clk 0:00:20]}  Rg5+ {[%clk 0:00:14]} 36. Kf2 {[%clk 0:00:19]}  Nd4 {[%clk 0:00:01]} 37. Rd6 {[%clk 0:00:15]} 1-0

[Event "April 9 Late 2024"]
[Site "Chess.com"]
[Date "2024.04.09"]
[Round "2"]
[White "Maltsevskaya, Aleksandra"]
[Black "Minina, Veronika"]
[Result "0-1"]
[Board "133"]
[WhiteFideId "24174041"]
[BlackFideId "4174780"]
[WhiteTitle "IM"]
[BlackTitle "WFM"]
[WhiteElo "2531"]
[BlackElo "2341"]
[WhiteTeam "POL"]
[BlackTeam "RUS"]
[WhiteClock "0:00:03"]
[BlackClock "0:00:13"]
[Variant "Standard"]

1. e4 {[%clk 0:02:56]}  c5 {[%clk 0:02:57]} 2. Nf3 {[%clk 0:02:56]}  Nc6 {[%clk 0:02:57]} 3. d4 {[%clk 0:02:57]}  cxd4 {[%clk 0:02:58]} 4. Nxd4 {[%clk 0:02:58]}  g6 {[%clk 0:02:58]} 5. c4 {[%clk 0:02:57]}  Nf6 {[%clk 0:02:56]} 6. Nc3 {[%clk 0:02:56]}  Nxd4 {[%clk 0:02:56]} 7. Qxd4 {[%clk 0:02:57]}  d6 {[%clk 0:02:57]} 8. Be3 {[%clk 0:02:57]}  Bg7 {[%clk 0:02:57]} 9. f3 {[%clk 0:02:58]}  O-O {[%clk 0:02:54]} 10. Qd2 {[%clk 0:02:58]}  a5 {[%clk 0:02:54]} 11. Be2 {[%clk 0:02:57]}  a4 {[%clk 0:02:54]} 12. O-O {[%clk 0:02:57]}  Qa5 {[%clk 0:02:54]} 13. Rfd1 {[%clk 0:02:42]}  Be6 {[%clk 0:02:47]} 14. b3 {[%clk 0:02:37]}  axb3 {[%clk 0:02:37]} 15. axb3 {[%clk 0:02:37]}  Qb4 {[%clk 0:02:38]} 16. Rab1 {[%clk 0:02:24]}  Ra3 {[%clk 0:01:57]} 17. Nb5 {[%clk 0:02:23]}  Qxd2 {[%clk 0:01:50]} 18. Rxd2 {[%clk 0:02:24]}  Ra5 {[%clk 0:01:42]} 19. c5 {[%clk 0:02:10]}  Bd7 {[%clk 0:01:07]} 20. Nc7 {[%clk 0:01:47]}  Rc8 {[%clk 0:01:00]} 21. b4 {[%clk 0:01:37]}  Ra3 {[%clk 0:00:56]} 22. e5 {[%clk 0:01:33]}  dxe5 {[%clk 0:00:49]} 23. Bg5 {[%clk 0:01:06]}  Rxc7 {[%clk 0:00:46]} 24. Rbd1 {[%clk 0:01:06]}  Ba4 {[%clk 0:00:30]} 25. Rd8+ {[%clk 0:01:04]}  Ne8 {[%clk 0:00:26]} 26. b5 {[%clk 0:01:04]}  Kf8 {[%clk 0:00:25]} 27. b6 {[%clk 0:00:47]}  Rxc5 {[%clk 0:00:22]} 28. R1d2 {[%clk 0:00:35]}  f6 {[%clk 0:00:22]} 29. Bh4 {[%clk 0:00:30]}  Kf7 {[%clk 0:00:22]} 30. h3 {[%clk 0:00:27]}  Nd6 {[%clk 0:00:23]} 31. Bf2 {[%clk 0:00:24]}  Rc1+ {[%clk 0:00:22]} 32. Kh2 {[%clk 0:00:24]}  Raa1 {[%clk 0:00:21]} 33. g4 {[%clk 0:00:17]}  Bc6 {[%clk 0:00:20]} 34. Be3 {[%clk 0:00:10]}  Rh1+ {[%clk 0:00:18]} 35. Kg2 {[%clk 0:00:10]}  f5 {[%clk 0:00:16]} 36. Rc2 {[%clk 0:00:05]}  f4 {[%clk 0:00:14]} 37. Bc5 {[%clk 0:00:04]}  e4 {[%clk 0:00:13]} 38. Bxd6 {[%clk 0:00:05]}  exf3+ {[%clk 0:00:13]} 39. Bxf3 {[%clk 0:00:04]}  Rag1+ {[%clk 0:00:12]} 40. Kf2 {[%clk 0:00:04]}  Rf1+ {[%clk 0:00:12]} 41. Ke2 {[%clk 0:00:03]}  Bxf3+ {[%clk 0:00:13]} 42. Kd2 {[%clk 0:00:03]}  Rd1# {[%clk 0:00:13]} 0-1